Quizzes
Events
Quiz Creation
Community
Videos
Private Events
Remove Ads
Sign In
Join for FREE
Feedback
Dark Mode
Quiz Categories
Sports
Geography
Music
Movies
Television
Just For Fun
Miscellaneous
History
Literature
Language
Science
Gaming
Entertainment
Religion
Holiday
For Kids
Quiz Lab
Recent
Popular Today
Quiz Kudos Today
Editor Picks
Curator Picks
Quizzes by...
Day
Popularity
Type
Ratings
Length
Year
Community
Subscriptions
Recent Discussions
Orange Saloon
Badges
Playlists
Quests
Create
Leaderboards
Showdown
Live 5
Trivia Bingo
Activity
Puzzle Library
Sporcle Events
Private Events
Virtual Trivia
Globe League
Become a Host
Pub Owners
SporcleCon
Opinionation
Our Games
Videos
Blog
Mobile Apps
Partnerships
Remove Ads and Go Orange
Feedback
Sports
Athletes
MLB
NBA
NHL
NFL
Soccer
Sports Teams
WWE
NCAA
Football
Premier League
Basketball
Baseball
Hockey
Golf
Tennis
Cricket
Rugby
Auto Racing
Olympics
World Cup
Sports
Athletes
MLB
NBA
NHL
NFL
Soccer
Sports Teams
WWE
NCAA
Football
Premier League
Basketball
Baseball
Hockey
Golf
Tennis
Cricket
Rugby
Auto Racing
Olympics
World Cup
Random Quiz
Search Sporcle
×
Quiz Lab
Quiz Lab
Sports
High School
Type in answers that appear in a list
Type in answers that appear in a list
Classic
Best Score? Go Orange.
Maine High School Mascots Stats
Can you name the Maine High School Mascots?
By
ERICMONTROSS
10m
140 Questions
246 Plays
246 Plays
246 Plays
Comments
Comments
Give Quiz Kudos
Give Quiz Kudos
-
- Ratings
hide this ad
Random Order
Randomize order of answers
Randomize order of answers
Replay
Link that replays current quiz
Next Quiz
Link to next quiz in quiz playlist
You Got
0%
They Got
Avg Score
58%
Avg Friend Score
Upgrade to see
Score Distribution
Jump to the score distribution portion of the page
Score
0/140
Timer
10:00
0
Plays Today
School Name
Mascot
% Correct
Erskine
Eagles
89.8%
Messalonskee
Eagles
89.8%
Mt. Ararat
Eagles
89.8%
Windham
Eagles
89.8%
Ellsworth
Eagles
89.8%
Lincoln
Eagles
89.8%
George Stevens
Eagles
89.8%
Greater Houlton Christian
Eagles
89.8%
Limestone
Eagles
89.8%
Islesboro
Eagles
89.8%
Bangor
Rams
86.2%
Cony
Rams
86.2%
Deering
Rams
86.2%
Gorham
Rams
86.2%
Kennebunk
Rams
86.2%
Biddeford
Tigers
85%
Gardiner
Tigers
85%
Dexter
Tigers
85%
Sumner
Tigers
85%
Fort Fairfield
Tigers
85%
Shead
Tigers
85%
Forest Hills
Tigers
85%
Lawrence
Bulldogs
82.1%
Portland
Bulldogs
82.1%
Hall-
Dale
Bulldogs
82.1%
Madison
Bulldogs
82.1%
Machias
Bulldogs
82.1%
McAuley
Lions
75.6%
Belfast
Lions
75.6%
Greater Portland Christian
Lions
75.6%
Marshwood
Hawks
75.2%
Hermon
Hawks
75.2%
Hodgdon
Hawks
75.2%
North Haven
Hawks
75.2%
Lewiston
Blue Devils
73.6%
Calais
Blue Devils
73.6%
Oxford Hills
Vikings
70.7%
Caribou
Vikings
70.7%
Searsport
Vikings
70.7%
East Grand
Vikings
70.7%
Vinalhaven
Vikings
70.7%
South Portland
Red Riots
67.1%
Brunswick
Dragons
66.7%
Medomak Valley
Panthers
66.7%
Waterville
Panthers
66.7%
NYA
Panthers
66.7%
Central Aroostook
Panthers
66.7%
School Name
Mascot
% Correct
Woodland
Dragons
66.7%
Skowhegan
Indians
66.3%
A R Gould
Bears
66.3%
Nokomis
Warriors
65%
Wells
Warriors
65%
Fort Kent
Warriors
65%
Southern Aroostook
Warriors
65%
Mt. Blue
Cougars
63.4%
Thornton Academy
Trojans
63.4%
MDI
Trojans
63.4%
Dirigo
Cougars
63.4%
Kathadin
Cougars
63.4%
Buckfield
Bucks
63.4%
Noble
Knights
62.2%
Poland
Knights
62.2%
Narraguagas
Knights
62.2%
Highview Christian
Knights
62.2%
Brewer
Witches
61.8%
Edward Little
Red Eddies
61.8%
Gray-
New Gloucester
Patriots
61.8%
Penquis Valley
Patriots
61.8%
Bangor Christian
Patriots
61.8%
Freeport
Falcons
60.2%
Mountain Valley
Falcons
60.2%
Oak Hill
Raiders
59.8%
Fryeburg
Raiders
59.8%
Presque Isle
Wildcats
59.3%
York
Wildcats
59.3%
Massabesic
Mustangs
58.9%
Mt. View
Mustangs
58.9%
Monmouth
Mustangs
58.9%
Lake Region
Lakers
58.1%
Rangley
Lakers
58.1%
Leavitt
Hornets
57.3%
Ashland
Hornets
57.3%
Morse
Shipbuilders
56.1%
Cheverus
Stags
52.8%
Hampden Academy
Broncos
52%
Maranacook
Black Bears
52%
Cape Elizabeth
Capers
52%
St. Doms
Saints
52%
Scarborough
Red Storm
51.2%
Camden Hills
Windjammers
51.2%
Greely
Rangers
51.2%
Traip
Rangers
51.2%
Old Orchard Beach
Seagulls
50%
Bonny Eagle
Scots
48.8%
School Name
Mascot
% Correct
Falmouth
Yachtsmen
48.8%
Sanford
Redskins
47.6%
Wiscasset
Wolverines
47.2%
Schenck
Wolverines
47.2%
John Bapst
Crusaders
46.7%
Van Buren
Crusaders
46.7%
Foxcroft Academy
Ponies
45.1%
Lisbon
Greyhounds
45.1%
Richmond
Bobcats
45.1%
Central
Red Devils
43.5%
MCI
Huskies
43.1%
Kents Hill
Huskies
43.1%
Gould Academy
Huskies
43.1%
Bucksport
Golden Bucks
42.3%
Madawaska
Owls
42.3%
Winthrop
Ramblers
42.3%
Westbrook
Blue Blazes
41.9%
Oceanside
Mariners
41.9%
Orono
Riots
41.9%
Deer Isle-
Stonington
Mariners
41.9%
Old Town
Coyotes
40.7%
Winslow
Black Raiders
39.8%
Spruce Mountain
Phoenix
39.4%
Yarmouth
Clippers
39.4%
Mattanawcook
Lynx
39.4%
Hyde
Phoenix
39.4%
Lee
Pandas
38.6%
Boothbay
Seahawks
37.8%
Acadia Christian
Seahawks
37.8%
PCHS
Pirates
37%
Houlton
Shiretowners
36.6%
Hebron Academy
Lumberjacks
36.2%
Stearns
Minutemen
33.7%
Waynflete
Flyers
33.7%
Washburn
Beavers
31.7%
Valley
Cavaliers
30.5%
Mt. Abram
Roadrunners
28.9%
Carrabec
Cobras
28.5%
Telstar
Rebels
28.5%
Wisdom
Pioneers
26.8%
Jonesport-
Beals
Royals
22.8%
Penobscot Valley
Howlers
21.5%
Chop Point
Blue Bears
19.1%
Seacoast Christian
Guardians
17.5%
Pine Tree Academy
Breakers
13%
Cavalry Chapel
Sabers
8.1%
Quiz Playlist
Details
Report
Send in Message
Add To Playlist
Classic:
Type in answers that appear in a list
Random Order:
Randomize order of answers
Last Updated: Feb 16, 2017
Quiz Scoreboard
CHALLENGE
Sign Up to Join the Scoreboard
Show All
Scores
Hide
Comments
May contain spoilers
Recently Published
Movies - When Are They Set?
by FPL_Elf
Movies
5m
Popular People in 1961
by mucciniale
History
6m
1-10 Letter E Words III
by El_Dandy
Language
2m
More to Explore
Quiz From the Vault
Featured Blog Post
Where Did the Easter Bunny Come From?
hide this ad
You Might Also Like...
Tags
High School
maine
Today's Top Quizzes in Sports
Browse Sports
hide this ad
Today's Top Quizzes in High School
Browse High School
Top Contributed Quizzes in Sports
1
Les meilleurs buteurs des matchs entre le PSG et l’OM
2
2022 World Cup Stars
3
FIFA Club World Cup Champions
4
Les entraîneurs de l'OM et du PSG au 21e siècle
5
Name the Premier League winners with different clubs
6
La finale Lions - Afrique du Sud 2021
7
Criteria MLB: Left Handed Sluggers
8
Les joueurs passés par le LOSC et le RC Lens
9
Players with Multiple 50 Home Run Seasons
10
MLB Players with Two .350 Batting Average Seasons
Explore More
Trending Topics
Disney
NBA
Marvel
Anime
Kpop
Crossword
Harry Potter
WWE
Country
Soccer
The Office
Song
NFL
Pokémon
Puzzle
hide this ad
More By:
ERICMONTROSS
Quiz
Plays
Rating
Category
Featured
Created
Maine High School Mascots
246
Sports
Oct 21, 2011
Go to Creator's Profile
Score Distribution
Quiz Creator Spotlight
ERICMONTROSS
Follow
Send a Message
Quizzes Created
-
Created Quiz Play Count
-
More By This Creator
Popular Quizzes Today
1
Find the Countries of Europe - No Outlines Minefield
2
Find the US States - No Outlines Minefield
3
The Countries of the World
4
Popular People in 1961
5
US States
6
1-10 Letter E Words III
7
Find the US States
8
One Thing in Common: World Cities II
More Sports Quizzes
Antoine Griezmann's Cup Final XI's
Quiz Lab
Trending Quizzes
Risky Map Clicking: Least Populous States A-Z
1-10 Letter F Words
1-10 Letter G Words
One Thing in Common: United Kingdom
Risky Map Clicking: Next State Alphabetically
Recently Updated
Leaping Animals
pecheneg
Reality TV Shows (A-Z)
bhenderson79
Rickey Henderson's Hall of Fame Teammates
pecheneg
Champions League XIs: Arsenal
pecheneg
Quick Pick: Celebrities in WWE's Hall of Fame
aduchscher
A-Z Keypad Blitz II
pecheneg
Multiple Oscar Actors
pecheneg
Mystery Phrase Blitz: Oscar 'Best Actors'
pecheneg
F. Scott Fitzgerald Novels
LTH
Pick 3 Villains
ddd62291
Trending Topics
Anime
Kpop
Disney
Harry Potter
Marvel
NBA
Crossword
Puzzle
The Office
Soccer
WWE
Country
Song
Pokémon
NFL
Your Account Isn't Verified!
In order to create a playlist on Sporcle, you need to verify the email address you used during registration. Go to your
Sporcle Settings
to finish the process.
Report this User
Report this user for behavior that violates our
Community Guidelines
.
Details:
Send Report
Go to the Sporcle.com Mobile Site →
Comments